00358nam a2200121Ia 4500008004100000020001800041082001900059100003000078245008100108250001600189260002200205300000900227210430s9999 xx 000 0 und d a9781569904718 a668.413 W571 T aJames L.White, Eung K.Kim aTwin Screw Extrusion: Technology and Principles /cJames L.White, Eung K.Kim a2nd edition aUSAbHanserc2010 a318p